| 000 | 00495nam a2200169Ia 4500 | ||
|---|---|---|---|
| 003 | OSt | ||
| 005 | 20230529095120.0 | ||
| 008 | 210423s1984 xx 000 0 und d | ||
| 040 | _cAL | ||
| 082 |
_a304.6 _223 _b BOSP |
||
| 100 |
_aBOSE (Ashish). _9115554 |
||
| 245 | _aPopulation of india: 1991 census results and methodolgy. | ||
| 260 |
_aDelhi _bB R Publishing Corporation _c1984 |
||
| 365 | _cINR | ||
| 906 | _a1991 ; census ; india: ; methodolgy. ; Population ; results | ||
| 942 |
_2ddc _cBK |
||
| 999 |
_c174422 _d174422 |
||